[Event "Primorsko op"]
[Site "Primorsko"]
[Date "2017.09.23"]
[Round "8"]
[White "Nikolov, Momchil"]
[Black "Raykov, Stefan"]
[Result "1-0"]
[WhiteElo "2560"]
[BlackElo "2172"]
[PlyCount "145"]
[EventDate "2017.09.17"]
[EventType "swiss"]
[EventRounds "9"]
[EventCountry "BUL"]
[SourceTitle "CBM 180 Extra"]
[Source "ChessBase"]
[SourceDate "2017.10.06"]
[SourceVersion "1"]
[SourceVersionDate "2017.10.06"]
[SourceQuality "1"]

1. c4 c5 2. Nf3 Nf6 3. d4 cxd4 4. Nxd4 g6 5. Nc3 Bg7 6. e4 d6 7. Be2 Nc6 8. Be3 Bd7 9. 0-0 0-0 10. Qd2 Rc8 11. f3 a6 12. Rac1 Nxd4 13. Bxd4 Ne8 14. Kh1 e6 15. Rfd1 Bxd4 16. Qxd4 Rc7 17. f4 f6 18. e5 dxe5 19. fxe5 fxe5 20. Qxe5 Qf6 21. Qe3 Ng7 22. Qb6 Qe5 23. Bf3 Bc6 24. Re1 Qf4 25. Ne2 Qf7 26. Nd4 Bxf3 27. Nxf3 Rc6 28. Qb4 Qc7 29. Ne5 Rd6 30. Qc3 Nf5 31. c5 Rd5 32. Nf3 Qd7 33. Qc4 Nd4 34. Ne5 Qc7 35. Nd3 Rh5 36. Ne5 Rxe5 37. Qxd4 Rd5 38. Qe3 Qd7 39. h3 Rd2 40. Re2 Rxe2 41. Qxe2 Qd5 42. b4 Kg7 43. Rd1 Qf5 44. Re1 Rf6 45. a3 h5 46. Qb2 Qd5 47. Kh2 Kf7 48. Re2 Qf5 49. Re1 h4 50. Kh1 Qd5 51. Qe2 Ke7 52. Rd1 Rf2 53. Rxd5 Rxe2 54. Rd6 Ra2 55. Rb6 Rxa3 56. Rxb7+ Kf6 57. Kg1 Ra2 58. Kf1 Ke5 59. Rg7 Kf6 60. Ra7 Rb2 61. Rb7 Ke5 62. Rb6 Ra2 63. Rd6 Rb2 64. Rb6 Ra2 65. Ke1 g5 66. Kf1 Rb2 67. Rb8 Ra2 68. Rg8 Kf5 69. Ra8 Rb2 70. c6 Ke4 71. c7 Ke3 72. Kg1 Rb1+ 73. Kh2 1-0

[Event "SRB Central-ch op-A 9th"]
[Site "Paracin"]
[Date "2016.07.11"]
[Round "5"]
[White "Raykov, Stefan"]
[Black "Blazeka, Matej"]
[Result "1/2-1/2"]
[WhiteElo "2155"]
[BlackElo "2328"]
[PlyCount "77"]
[EventDate "2016.07.07"]
[EventType "swiss"]
[EventRounds "9"]
[EventCountry "SRB"]
[SourceTitle "CBM 173 Extra"]
[Source "ChessBase"]
[SourceDate "2016.08.29"]
[SourceVersion "1"]
[SourceVersionDate "2016.08.29"]
[SourceQuality "1"]

1. e4 c6 2. d4 d5 3. Nc3 dxe4 4. Nxe4 Nf6 5. Ng3 Nbd7 6. Nf3 e6 7. Bd3 Be7 8. 0-0 0-0 9. b3 c5 10. c4 b6 11. Bb2 Bb7 12. Qe2 Re8 13. Rad1 Qc7 14. Rfe1 cxd4 15. Nxd4 Bb4 16. Rf1 e5 17. Nb5 Qc8 18. Bf5 Qc6 19. Be4 Nxe4 20. Qxe4 Qxe4 21. Nxe4 Re7 22. Ned6 Bxd6 23. Rxd6 a6 24. Nc7 Rc8 25. Nd5 Bxd5 26. Rxd5 f6 27. Ba3 Rf7 28. Rfd1 Rc7 29. Bd6 Rc6 30. Kf1 g6 31. Ke2 Nf8 32. Bxf8 Kxf8 33. Rd6 Rfc7 34. Rxc6 Rxc6 35. Rd7 b5 36. cxb5 axb5 37. Kd2 Ra6 38. Rb7 Rxa2+ 39. Ke3 1/2-1/2

[Event "SRB Central-ch op-A 9th"]
[Site "Paracin"]
[Date "2016.07.08"]
[Round "2"]
[White "Becker, Marcel"]
[Black "Raykov, Stefan"]
[Result "1-0"]
[WhiteElo "2380"]
[BlackElo "2155"]
[PlyCount "90"]
[EventDate "2016.07.07"]
[EventType "swiss"]
[EventRounds "9"]
[EventCountry "SRB"]
[SourceTitle "CBM 173 Extra"]
[Source "ChessBase"]
[SourceDate "2016.08.29"]
[SourceVersion "1"]
[SourceVersionDate "2016.08.29"]
[SourceQuality "1"]

1. d4 d5 2. c4 dxc4 3. Nf3 Nf6 4. e3 e6 5. Bxc4 c5 6. Qe2 a6 7. dxc5 Bxc5 8. 0-0 Nc6 9. e4 Ng4 10. e5 Nd4 11. Nxd4 Qxd4 12. Nd2 Nxe5 13. Nb3 Qxc4 14. Qxe5 Bf8 15. Be3 f6 16. Qg3 e5 17. f4 e4 18. f5 Qf7 19. Rac1 Be7 20. Rc7 0-0 21. Nd2 Rd8 22. Nc4 Bd6 23. Qxd6 Rxd6 24. Rxf7 Rc6 25. Re7 Rxc4 26. Re8+ Kf7 27. Rh8 b5 28. Rd1 g6 29. g4 gxf5 30. gxf5 Rc2 31. Rdd8 Ke7 32. Bb6 Bxf5 33. Rxa8 Rc1+ 34. Kf2 Rc2+ 35. Kg3 Rxb2 36. Rxa6 Bg6 37. Bd4 Rc2 38. Rb8 Rc7 39. Bxf6+ Kf7 40. Bd4 Rd7 41. Ra7 Rxa7 42. Bxa7 e3 43. Rxb5 e2 44. Kf2 e1Q+ 45. Kxe1 Ke8 1-0

[Event "BUL-ch sf 80th"]
[Site "Plovdiv"]
[Date "2016.02.12"]
[Round "7"]
[White "Popchev, Milko"]
[Black "Raykov, Stefan"]
[Result "1-0"]
[WhiteElo "2278"]
[BlackElo "2096"]
[PlyCount "43"]
[EventDate "2016.02.08"]
[EventType "swiss"]
[EventRounds "9"]
[EventCountry "BUL"]
[SourceTitle "CBM 170 Extra"]
[Source "ChessBase"]
[SourceDate "2016.02.25"]
[SourceVersion "1"]
[SourceVersionDate "2016.02.25"]
[SourceQuality "1"]

1. Nc3 d5 2. e4 d4 3. Nce2 e5 4. Ng3 Nf6 5. Bc4 Nc6 6. Nf3 h6 7. 0-0 Be7 8. d3 0-0 9. Bd2 Ne8 10. a3 Nd6 11. Bd5 Bf6 12. Bxc6 bxc6 13. b3 Bg4 14. h3 Bxf3 15. Qxf3 Bg5 16. Bb4 Qf6 17. Qg4 Qg6 18. a4 Be7 19. Qd7 Qe6 20. Qxc6 Rfe8 21. Bd2 Bd8 22. Qxa8 1-0

[Event "EU-ch U14 25th"]
[Site "Porec"]
[Date "2015.09.30"]
[Round "9"]
[White "Raykov, Stefan"]
[Black "Mirzoyan, David"]
[Result "0-1"]
[WhiteElo "2022"]
[BlackElo "2136"]
[PlyCount "66"]
[EventDate "2015.09.21"]
[EventType "swiss"]
[EventRounds "9"]
[EventCountry "CRO"]
[SourceTitle "EXT 2016"]
[Source "ChessBase"]
[SourceDate "2015.10.08"]
[SourceVersion "1"]
[SourceVersionDate "2015.10.08"]
[SourceQuality "1"]

1. e4 c5 2. Nf3 d6 3. c3 Nf6 4. Qc2 Qc7 5. h3 a6 6. a4 e6 7. d3 Be7 8. Bf4 e5 9. Bh2 0-0 10. Be2 Ne8 11. g4 Be6 12. Nbd2 Nc6 13. 0-0 h5 14. Ne1 hxg4 15. Bxg4 Qd7 16. f3 g6 17. Nc4 f5 18. Nb6 Qd8 19. exf5 gxf5 20. Nxa8 fxg4 21. fxg4 Rxf1+ 22. Kxf1 Qxa8 23. Nf3 Ng7 24. Ke2 Qe8 25. Qd2 Qg6 26. Qe3 Bd5 27. Rf1 Ne6 28. Bg3 c4 29. d4 Bxf3+ 30. Kxf3 Bg5 31. Qe4 Ncxd4+ 32. cxd4 Nxd4+ 33. Qxd4 exd4 0-1

[Event "EU-ch U14 25th"]
[Site "Porec"]
[Date "2015.09.29"]
[Round "8"]
[White "Olsen, Filip Boe"]
[Black "Raykov, Stefan"]
[Result "0-1"]
[WhiteElo "2247"]
[BlackElo "2022"]
[PlyCount "100"]
[EventDate "2015.09.21"]
[EventType "swiss"]
[EventRounds "9"]
[EventCountry "CRO"]
[SourceTitle "EXT 2016"]
[Source "ChessBase"]
[SourceDate "2015.10.08"]
[SourceVersion "1"]
[SourceVersionDate "2015.10.08"]
[SourceQuality "1"]

1. d4 d5 2. c4 dxc4 3. Nf3 Nf6 4. e3 e6 5. Bxc4 c5 6. 0-0 a6 7. dxc5 Bxc5 8. Qxd8+ Kxd8 9. Be2 Nc6 10. Nbd2 Ke7 11. b3 b6 12. Bb2 Bb7 13. Rfd1 Rhd8 14. Nc4 Ne8 15. Ng5 b5 16. Nd2 f6 17. Nge4 Bb6 18. a4 Nc7 19. Ba3+ b4 20. Bb2 Na5 21. Bf3 Bd5 22. Ng3 Bxf3 23. gxf3 Rxd2 24. Rxd2 Nxb3 25. Rad1 Nxd2 26. Rxd2 a5 27. Ne4 Nd5 28. Rc2 Kd7 29. f4 Rc8 30. Rd2 Ke7 31. Kf1 Rc4 32. Ng3 Nc3 33. Rc2 Kd6 34. Ke1 Kc5 35. Bxc3 bxc3 36. Ne2 Kb4 37. Ra2 e5 38. fxe5 fxe5 39. Nc1 Rh4 40. Ke2 Rxh2 41. Kd3 Rh1 42. Rc2 Rd1+ 43. Ke2 Rd2+ 44. Rxd2 cxd2 45. Kxd2 Kxa4 46. Kc3 h5 47. Nd3 e4 48. Nf4 h4 49. Nh3 Bd8 50. Kc4 g5 0-1

[Event "EU-ch U14 25th"]
[Site "Porec"]
[Date "2015.09.27"]
[Round "6"]
[White "Raykov, Stefan"]
[Black "Bohus, Adam"]
[Result "0-1"]
[WhiteElo "2022"]
[BlackElo "2186"]
[PlyCount "98"]
[EventDate "2015.09.21"]
[EventType "swiss"]
[EventRounds "9"]
[EventCountry "CRO"]
[SourceTitle "EXT 2016"]
[Source "ChessBase"]
[SourceDate "2015.10.08"]
[SourceVersion "1"]
[SourceVersionDate "2015.10.08"]
[SourceQuality "1"]

1. e4 e5 2. Nf3 Nc6 3. Nc3 Nf6 4. Bb5 Bb4 5. 0-0 0-0 6. d3 d6 7. Bg5 Ne7 8. Nh4 c6 9. Bc4 d5 10. exd5 cxd5 11. Bb3 Bxc3 12. bxc3 Qd6 13. f4 Qb6+ 14. Kh1 e4 15. f5 h6 16. Bxf6 Qxf6 17. Qh5 Qg5 18. g4 g6 19. Qxg5 hxg5 20. f6 Nc6 21. Ng2 exd3 22. cxd3 d4 23. h3 dxc3 24. Rac1 Nd4 25. Rfe1 Nxb3 26. axb3 Be6 27. Rxc3 Rac8 28. Rec1 Rxc3 29. Rxc3 Bd5 30. Kg1 Re8 31. Kf2 Re6 32. Ne3 Rxf6+ 33. Ke2 Bf3+ 34. Kd2 Rc6 35. Rxc6 Bxc6 36. d4 Bd7 37. d5 f5 38. Nc2 f4 39. Kd3 Kf7 40. Nd4 Kf6 41. b4 Ke5 42. Kc4 Ke4 43. Kc5 f3 44. Nb3 Ke3 45. Kd6 Bb5 46. Ke7 f2 47. d6 f1Q 48. d7 Bxd7 49. Kxd7 Qd3+ 0-1

[Event "EU-ch U14 25th"]
[Site "Porec"]
[Date "2015.09.24"]
[Round "4"]
[White "Raykov, Stefan"]
[Black "Burri, Quentin"]
[Result "1-0"]
[WhiteElo "2022"]
[BlackElo "2279"]
[PlyCount "119"]
[EventDate "2015.09.21"]
[EventType "swiss"]
[EventRounds "9"]
[EventCountry "CRO"]
[SourceTitle "EXT 2016"]
[Source "ChessBase"]
[SourceDate "2015.10.08"]
[SourceVersion "1"]
[SourceVersionDate "2015.10.08"]
[SourceQuality "1"]

1. e4 c5 2. Nf3 d6 3. c3 Nf6 4. Bd3 Nc6 5. Bc2 Bg4 6. d3 e6 7. Nbd2 Be7 8. h3 Bh5 9. Nf1 d5 10. Qe2 0-0 11. Ng3 Bg6 12. Nh4 Qc7 13. 0-0 b5 14. Nxg6 hxg6 15. f4 b4 16. h4 dxe4 17. dxe4 bxc3 18. bxc3 Qa5 19. Bd2 Rad8 20. Kh2 Qc7 21. e5 Nh7 22. h5 gxh5 23. Bxh7+ Kxh7 24. Qxh5+ Kg8 25. Ne4 f5 26. exf6 Bxf6 27. Rf3 Ne7 28. Re1 Rd5 29. Qh3 Qc6 30. Re2 c4 31. g4 Ng6 32. g5 Bd8 33. Kg3 Rdf5 34. Qg4 Kf7 35. Bc1 Bc7 36. Kg2 Rh8 37. Rh3 Bxf4 38. Rxh8 Rxg5 39. Qxg5 Bxg5 40. Rc8 Qxc8 41. Nd6+ Kg8 42. Nxc8 Bxc1 43. Re4 Bd2 44. Nxa7 Bxc3 45. Rxc4 Bd2 46. a4 Kf7 47. Nc6 Ne7 48. Nxe7 Kxe7 49. Rd4 Ba5 50. Kf3 Bb6 51. Rd3 e5 52. Ke4 Bd4 53. a5 Kd7 54. a6 Kc7 55. Rb3 g6 56. Rb1 Kc8 57. Rb7 g5 58. Kd5 g4 59. Kc6 g3 60. a7 1-0

[Event "Kavala op 24th"]
[Site "Kavala"]
[Date "2015.08.05"]
[Round "3"]
[White "Ghosh, Diptayan"]
[Black "Raykov, Stefan"]
[Result "1-0"]
[WhiteElo "2531"]
[BlackElo "2110"]
[PlyCount "69"]
[EventDate "2015.08.04"]
[EventType "swiss"]
[EventRounds "9"]
[EventCountry "GRE"]
[SourceTitle "CBM 167 Extra"]
[Source "ChessBase"]
[SourceDate "2015.09.14"]
[SourceVersion "1"]
[SourceVersionDate "2015.09.14"]
[SourceQuality "1"]

1. c4 c5 2. g3 Nc6 3. Bg2 e5 4. Nc3 g6 5. Nf3 Bg7 6. 0-0 Nge7 7. a3 0-0 8. Rb1 a5 9. Ne1 d6 10. Nc2 Be6 11. Ne3 f5 12. d3 g5 13. Ned5 Ng6 14. b4 axb4 15. axb4 cxb4 16. Nb5 Rc8 17. Nxb4 Rf7 18. Nd5 f4 19. Ba3 Bf8 20. e3 g4 21. exf4 exf4 22. Re1 Nce5 23. Nxf4 Nxf4 24. gxf4 Rxf4 25. Bc1 Rf5 26. Nd4 Rh5 27. Nxe6 Qh4 28. Bf4 Nf3+ 29. Bxf3 gxf3 30. Qxf3 Rf5 31. Qg3+ Qxg3+ 32. hxg3 Rf7 33. Nxf8 Kxf8 34. Bxd6+ Kg8 35. Rb5 1-0

[Event "Veliko Gradiste Silver Lake op-A"]
[Site "Veliko Gradiste"]
[Date "2015.06.23"]
[Round "4"]
[White "Andrijevic, Milan"]
[Black "Raykov, Stefan"]
[Result "1-0"]
[WhiteElo "2275"]
[BlackElo "2032"]
[PlyCount "88"]
[EventDate "2015.06.20"]
[EventType "swiss"]
[EventRounds "9"]
[EventCountry "SRB"]
[SourceTitle "CBM 167 Extra"]
[Source "ChessBase"]
[SourceDate "2015.09.14"]
[SourceVersion "1"]
[SourceVersionDate "2015.09.14"]
[SourceQuality "1"]

1. e4 c5 2. Nf3 e6 3. d4 cxd4 4. Nxd4 Nc6 5. Nc3 Qc7 6. Be2 a6 7. 0-0 b5 8. Nxc6 dxc6 9. a4 b4 10. Nb1 Nf6 11. Bd3 Bb7 12. Qe2 c5 13. Nd2 a5 14. Bb5+ Bc6 15. Nc4 Bxb5 16. axb5 Be7 17. e5 Nd5 18. Qg4 Kf8 19. Bg5 h5 20. Bxe7+ Qxe7 21. Qe4 a4 22. f4 g6 23. Ra2 Kg7 24. Nd6 a3 25. f5 Qg5 26. f6+ Kh7 27. Nxf7 Qe3+ 28. Qxe3 Nxe3 29. Nxh8 Nxf1 30. Kxf1 axb2 31. Rxb2 Kxh8 32. Ke2 Ra5 33. Kd3 Rxb5 34. Ra2 Kg8 35. Kc4 b3 36. cxb3 Rb4+ 37. Kxc5 Rxb3 38. Kd6 Rb6+ 39. Ke7 Kh7 40. f7 Rb7+ 41. Kf6 Rb8 42. Ra7 Rf8 43. Re7 g5 44. Re8 h4 1-0

[Event "Veliko Gradiste Silver Lake op-A"]
[Site "Veliko Gradiste"]
[Date "2015.06.21"]
[Round "2"]
[White "Sertic, Rudolf"]
[Black "Raykov, Stefan"]
[Result "1-0"]
[WhiteElo "2369"]
[BlackElo "2032"]
[PlyCount "71"]
[EventDate "2015.06.20"]
[EventType "swiss"]
[EventRounds "9"]
[EventCountry "SRB"]
[SourceTitle "CBM 167 Extra"]
[Source "ChessBase"]
[SourceDate "2015.09.14"]
[SourceVersion "1"]
[SourceVersionDate "2015.09.14"]
[SourceQuality "1"]

1. d4 d5 2. c4 dxc4 3. Nf3 Nf6 4. e3 e6 5. Bxc4 c5 6. 0-0 a6 7. dxc5 Qxd1 8. Rxd1 Bxc5 9. Be2 0-0 10. Ne5 Nbd7 11. Nc4 b5 12. Na5 e5 13. Nd2 e4 14. Ndb3 Bb6 15. Bd2 Nd5 16. Rac1 N7f6 17. Nc5 Bf5 18. b4 Rfc8 19. Nab3 h6 20. h3 Bg6 21. a4 Bxc5 22. bxc5 bxa4 23. Nd4 Nd7 24. c6 Ne5 25. Rc5 f6 26. Rxd5 Nxc6 27. Bg4 f5 28. Bxf5 Bxf5 29. Nxf5 Rd8 30. Bc3 Rxd5 31. Rxd5 a3 32. Rd7 Ra7 33. Rd6 Ne7 34. Nxe7+ Rxe7 35. Rxa6 Rc7 36. Rxa3 1-0

[Event "Veliko Gradiste Silver Lake op-A"]
[Site "Veliko Gradiste"]
[Date "2015.06.20"]
[Round "1"]
[White "Raykov, Stefan"]
[Black "Gazik, Igor"]
[Result "1-0"]
[WhiteElo "2032"]
[BlackElo "2320"]
[PlyCount "77"]
[EventDate "2015.06.20"]
[EventType "swiss"]
[EventRounds "9"]
[EventCountry "SRB"]
[SourceTitle "CBM 167 Extra"]
[Source "ChessBase"]
[SourceDate "2015.09.14"]
[SourceVersion "1"]
[SourceVersionDate "2015.09.14"]
[SourceQuality "1"]

1. e4 Nf6 2. e5 Nd5 3. d4 d6 4. c4 Nb6 5. f4 g6 6. Be2 Bg7 7. Nc3 0-0 8. Be3 Be6 9. d5 Bc8 10. Nf3 Bg4 11. c5 Bxf3 12. Bxf3 Nc4 13. Bf2 dxe5 14. Qe2 e4 15. Bxe4 Na5 16. Rd1 Qc8 17. 0-0 c6 18. d6 Qe6 19. Qd3 exd6 20. Rfe1 Qc4 21. Qxd6 Qb4 22. f5 Nc4 23. Qe7 Nxb2 24. f6 Bh6 25. Rb1 Qxc3 26. Qxb7 Nd7 27. Qxd7 Rad8 28. Qxc6 Rd2 29. Rbc1 Qa3 30. Rc2 Rxc2 31. Bxc2 Qc3 32. Qe4 Nc4 33. Qd3 Bd2 34. Rd1 h5 35. c6 Re8 36. c7 Kh7 37. Qxc3 Bxc3 38. Rd8 Bd4 39. Rxe8 1-0

[Event "Golden Sands op-B"]
[Site "Golden Sands"]
[Date "2015.06.13"]
[Round "6"]
[White "Raykov, Stefan"]
[Black "Popchev, Milko"]
[Result "0-1"]
[WhiteElo "2032"]
[BlackElo "2220"]
[PlyCount "78"]
[EventDate "2015.06.08"]
[EventType "swiss"]
[EventRounds "9"]
[EventCountry "BUL"]
[SourceTitle "CBM 167 Extra"]
[Source "ChessBase"]
[SourceDate "2015.09.14"]
[SourceVersion "1"]
[SourceVersionDate "2015.09.14"]
[SourceQuality "1"]

1. e4 d6 2. d4 e5 3. Nf3 exd4 4. Nxd4 Nf6 5. Nc3 Be7 6. Bd3 0-0 7. Bf4 c5 8. Nf3 Nc6 9. h3 Nb4 10. a3 Nxd3+ 11. Qxd3 b6 12. 0-0-0 Bb7 13. Rhe1 Re8 14. g4 Bf8 15. g5 Nh5 16. Bxd6 Qxd6 17. Qxd6 Bxd6 18. Rxd6 f5 19. gxf6 Nxf6 20. Nd2 Re7 21. f3 Rf8 22. Kd1 Nh5 23. Nd5 Ref7 24. c4 Nf4 25. e5 Bxd5 26. cxd5 Rf5 27. Rd7 b5 28. d6 Nd3 29. Re3 Nxe5 30. Rxa7 Rd8 31. f4 Nc6 32. Rb7 Rd5 33. d7 R5xd7 34. Rxd7 Rxd7 35. Ke1 c4 36. Nf3 Rd8 37. Ne5 Nd4 38. Kf2 Nf5 39. Re2 h6 0-1

[Event "SRB Central-ch op-B 7th"]
[Site "Paracin"]
[Date "2014.07.08"]
[Round "6"]
[White "Raykov, Stefan"]
[Black "Radovanovic, Miroljub B"]
[Result "0-1"]
[WhiteElo "1845"]
[BlackElo "1974"]
[PlyCount "142"]
[EventDate "2014.07.04"]
[EventType "swiss"]
[EventRounds "9"]
[EventCountry "SRB"]
[SourceTitle "CBM 161 Extra"]
[Source "ChessBase"]
[SourceDate "2014.08.29"]
[SourceVersion "1"]
[SourceVersionDate "2014.08.29"]
[SourceQuality "1"]

1. e4 c5 2. Nf3 Nc6 3. c3 d6 4. Be2 Nf6 5. d4 cxd4 6. cxd4 Nxe4 7. d5 Qa5+ 8. Nc3 Nxc3 9. bxc3 Nb8 10. 0-0 Nd7 11. Rb1 a6 12. Re1 Nf6 13. c4 g6 14. Be3 Nd7 15. Bd4 Rg8 16. Ng5 h6 17. Ne4 f5 18. Ng3 Bg7 19. Bf1 Kf8 20. Ne2 Be5 21. Qc1 g5 22. Qc2 Qc7 23. Qxf5+ Nf6 24. Qd3 b5 25. Rec1 Qa5 26. Bxe5 dxe5 27. d6 Qd8 28. dxe7+ Kxe7 29. Qe3 Qd6 30. cxb5 Bf5 31. Rb2 Ng4 32. Qg3 axb5 33. h3 Nf6 34. Rxb5 Nd7 35. Nc3 Ra3 36. Rd5 Rxc3 37. Rxd6 Rxg3 38. Rxd7+ Bxd7 39. fxg3 Ra8 40. Rc2 Be6 41. Rc7+ Kd6 42. Rb7 e4 43. Rb4 Bd5 44. a4 Rc8 45. Rb6+ Ke5 46. Rb1 Rc2 47. Ra1 e3 48. a5 Kd4 49. Re1 Ke4 50. Rd1 Rd2 51. Rxd2 exd2 52. Be2 Ke3 53. Bd1 Bc4 54. g4 Ba6 55. g3 Be2 56. Ba4 d1Q+ 57. Bxd1 Bxd1 58. a6 Bf3 59. a7 Ba8 60. Kh2 Kf2 61. h4 Kf3 62. Kh3 Bb7 63. hxg5 hxg5 64. Kh2 Kxg4 65. Kg1 Kh3 66. Kf2 g4 67. Kf1 Kxg3 68. Kg1 Kh3 69. Kf2 g3+ 70. Kg1 Ba8 71. Kf1 Kh2 0-1

[Event "EU-ch U10"]
[Site "Albena"]
[Date "2011.09.15"]
[Round "5"]
[White "Gazik, Viktor"]
[Black "Raykov, Stefan"]
[Result "1-0"]
[WhiteElo "1977"]
[BlackElo "1753"]
[PlyCount "95"]
[EventDate "2011.09.11"]
[EventType "swiss"]
[EventRounds "9"]
[EventCountry "BUL"]
[SourceTitle "CBM 144 Extra"]
[Source "ChessBase"]
[SourceDate "2011.10.28"]
[SourceVersion "1"]
[SourceVersionDate "2011.10.28"]
[SourceQuality "1"]

1. e4 c5 2. Nc3 e6 3. Bc4 Nc6 4. f4 d6 5. Nf3 g6 6. d4 cxd4 7. Nxd4 Bg7 8. Ndb5 Bf8 9. Be3 a6 10. Nd4 Bg7 11. 0-0 Nge7 12. Qd2 0-0 13. Rad1 d5 14. Nxc6 bxc6 15. f5 gxf5 16. Bg5 f6 17. Be3 fxe4 18. Nxe4 Qc7 19. Bc5 dxe4 20. Rf4 f5 21. Rh4 Ng6 22. Rh5 Rf7 23. Qd8+ Qxd8 24. Rxd8+ Bf8 25. Bxe6 Bxe6 26. Rxa8 Bc4 27. Rg5 Kg7 28. Bxf8+ Rxf8 29. Rxf8 Kxf8 30. Rxf5+ Ke7 31. Kf2 Kd6 32. b3 Be6 33. Ra5 Ne5 34. Rxa6 Ng4+ 35. Ke2 Nxh2 36. a4 Ng4 37. a5 Nh6 38. Ra7 Bg4+ 39. Ke3 Bd1 40. a6 Bxc2 41. Rb7 Nf5+ 42. Kd2 Bb1 43. a7 e3+ 44. Ke1 Nh4 45. a8Q Nxg2+ 46. Ke2 Nf4+ 47. Kxe3 Nd5+ 48. Kf2 1-0

[Event "Polipost Cup 5th"]
[Site "Bulgaria"]
[Date "2011.01.09"]
[Round "?"]
[White "Raykov, Stefan"]
[Black "Shentov, Petar Delian"]
[Result "1/2-1/2"]
[WhiteElo "1700"]
[BlackElo "1755"]
[PlyCount "119"]
[EventDate "2011.01.09"]
[EventType "swiss"]
[EventRounds "5"]
[EventCountry "BUL"]
[SourceTitle "EXT 2012"]
[Source "ChessBase"]
[SourceDate "2011.11.24"]
[SourceVersion "1"]
[SourceVersionDate "2011.11.24"]
[SourceQuality "1"]

1. e4 d5 2. exd5 Nf6 3. Nf3 Nxd5 4. d4 Bf5 5. Be2 e6 6. c4 Nf6 7. Nc3 Be7 8. 0-0 0-0 9. h3 Nbd7 10. Be3 c5 11. Qd2 cxd4 12. Nxd4 Bg6 13. a3 Nc5 14. Bf3 Nce4 15. Nxe4 Nxe4 16. Bxe4 Bxe4 17. Rfd1 Bf6 18. Qe2 Qe7 19. Nb3 Bg6 20. Bc5 Qc7 21. Bxf8 Rxf8 22. Rac1 Qb6 23. Na1 Qxb2 24. Qf3 Qb6 25. Rd7 Qb2 26. Rdd1 Bg5 27. Rc3 b6 28. Rb3 Qe5 29. Rb5 Qf6 30. Qxf6 Bxf6 31. Nb3 h5 32. Nd2 Rd8 33. Kf1 Bc2 34. Rc1 Rxd2 35. Rxh5 Bg6 36. Rb5 Ra2 37. Rb3 Rd2 38. Ke1 Rd4 39. Ke2 Kf8 40. c5 Bg5 41. Rcc3 Bd2 42. Rg3 bxc5 43. Rb8+ Ke7 44. Rb7+ Kf6 45. Rf3+ Ke5 46. Rb5 Bh6 47. Rxc5+ Kd6 48. Rc8 Kd7 49. Ra8 Ra4 50. Rh8 Bc1 51. Rc3 Bxa3 52. Rcc8 Re4+ 53. Kd1 Rd4+ 54. Ke2 Re4+ 55. Kd1 Bb4 56. Kc1 Re1+ 57. Kb2 Re2+ 58. Kc1 Rxf2 59. Rhe8 Be7 60. Rg8 1/2-1/2

[Event "Sofia MGU op 12th"]
[Site "Sofia"]
[Date "2010.07.25"]
[Round "6"]
[White "Petrov, Vladimir2222"]
[Black "Raykov, Stefan"]
[Result "1-0"]
[WhiteElo "1690"]
[BlackElo "1705"]
[PlyCount "93"]
[EventDate "2010.07.24"]
[EventType "swiss"]
[EventRounds "6"]
[EventCountry "BUL"]
[SourceTitle "CBM 137 Extra"]
[Source "ChessBase"]
[SourceDate "2010.09.01"]
[SourceVersion "1"]
[SourceVersionDate "2010.09.01"]
[SourceQuality "1"]

1. e4 e5 2. Nf3 Nc6 3. Bc4 Nf6 4. d3 Bc5 5. c3 d6 6. 0-0 0-0 7. Nbd2 Bg4 8. Re1 Nh5 9. h3 Be6 10. b4 Bb6 11. a4 a6 12. Bb3 Nf4 13. Nc4 Qf6 14. Nxb6 cxb6 15. Bxf4 exf4 16. d4 Ne7 17. d5 Bd7 18. Nd4 Ng6 19. Qd2 Nh4 20. Kh2 Qg6 21. f3 Qg3+ 22. Kh1 Rac8 23. Rac1 Rfe8 24. Rg1 Re5 25. Qe1 Rg5 26. Qxg3 fxg3 27. Rge1 Ng6 28. Ne2 f5 29. f4 Rh5 30. Nxg3 Rh4 31. exf5 Nxf4 32. Re7 Rc7 33. Ne4 Ne2 34. Re1 Kf8 35. Rxd7 Rxd7 36. Rxe2 Re7 37. Bc2 Re5 38. c4 b5 39. c5 dxc5 40. bxc5 Rxd5 41. Nd6 g6 42. f6 Rxd6 43. cxd6 Rd4 44. axb5 axb5 45. Re7 Rxd6 46. Rxb7 Rxf6 47. Rxb5 1-0

[Event "Bobotsov Memorial 2nd"]
[Site "Sofia"]
[Date "2010.04.30"]
[Round "1"]
[White "Raykov, Stefan"]
[Black "Badev, Kiril"]
[Result "0-1"]
[WhiteElo "1722"]
[BlackElo "2396"]
[PlyCount "66"]
[EventDate "2010.04.30"]
[EventType "swiss"]
[EventRounds "9"]
[EventCountry "BUL"]
[SourceTitle "CBM 136 Extra"]
[Source "ChessBase"]
[SourceDate "2010.07.02"]
[SourceVersion "2"]
[SourceVersionDate "2010.07.15"]
[SourceQuality "1"]

1. e4 c5 2. c3 e6 3. d4 d5 4. exd5 exd5 5. Nf3 Nc6 6. Bb5 Bd6 7. 0-0 Nge7 8. Re1 0-0 9. Be3 Nf5 10. Bd3 Nxe3 11. fxe3 f5 12. c4 cxd4 13. exd4 Nxd4 14. cxd5 Nxf3+ 15. Qxf3 Qb6+ 16. Kh1 Qxb2 17. Nd2 Qxd2 18. Re2 Qh6 19. h3 Bd7 20. Rae1 Qf4 21. Qxf4 Bxf4 22. Re7 Rae8 23. Rxe8 Rxe8 24. Rxe8+ Bxe8 25. Bxf5 Bg6 26. Bc8 b5 27. Kg1 b4 28. Ba6 Be4 29. Bc4 Kf8 30. Kf2 Ke7 31. g3 Bc1 32. Ke2 Kd6 33. Kd1 Bb2 0-1